Liedtext - Musik sein - Wincent Weiss - Statistiken

Allgemein
  • Dieses Quiz wurde 1.644 mal gespielt
  • Das Durchschnittsergebnis liegt bei 216 aus 303
Antwortstatistiken
Textquiz % Korrekt
Musik
96%
sein
96%
da
95%
du
95%
bist
91%
müsste
91%
Müsste
91%
wo
91%
Wo
91%
Es
87%
es
87%
Und
86%
und
86%
ist
84%
wie
84%
Ey
83%
wenn
83%
Wenn
83%
schon
82%
am
81%
im
81%
auch
80%
immer
79%
schönsten
77%
wieder
76%
Wieder
76%
ich
73%
ein
69%
spiel
69%
Spiel
69%
den
66%
Das
65%
das
65%
die
65%
'ne
65%
Überall
64%
wir
64%
mit
61%
auf
59%
eine
59%
nach
59%
bin
58%
uns
58%
Was
57%
für
56%
dir
54%
in
53%
Nacht
53%
Sie
53%
'nem
52%
aufgewacht
51%
Klavier
51%
Dann
50%
denn
50%
Denn
50%
leises
49%
Schädel
49%
Trompeten
49%
still
48%
Chöre
47%
hier
47%
Geigen
46%
nicht
46%
noch
46%
kannst
45%
Stille
44%
Trommelwirbel
44%
bleiben
43%
gegen
43%
her
43%
mal
43%
Paukenschläge
43%
Irgendwas
42%
schau'
41%
vor
41%
Zeitlupe
41%
Ewigkeit
40%
ins
40%
magst
40%
Meer
40%
Schweigen
40%
letzte
39%
wird
39%
Glas
38%
Kaffee
38%
meine
38%
aus
37%
Folgt
37%
halbe
37%
sind
37%
Tür
37%
unsicheres
37%
zusammen
36%
Salzwasser
34%
Sand
34%
schließt
34%
Besten
33%
Pack'
33%
raus
33%
Gieß'
32%
Heimat
32%
kleiner
32%
küsst
32%
Leben
32%
nötigste
32%
Spiegel
32%
uns'rer
32%
vorne
32%
Glück
30%
Endlich
28%
umhaut
27%
besoffen
26%
verlieben
23%
Keine übereinstimmenden Quizze gefunden
Verteilung der Resultate
Anzahl Personen mit jedem Resultat
Perzentil nach korrekt beantworteten Fragen
Ihre Resultats-Entwicklung
Sie haben dieses Quiz noch nicht gespielt